000 00576nam a2200229Ia 4500
003 OSt
005 20220924144839.0
006 a|||||r|||| 00| 0
007 ta
008 220923b |||||||| |||| 00| 0 urd d
024 _a322474
037 _cTextual
040 _aARTS
_cARTS
_burd
041 _2urd
_aurd
082 _aU.4.M5, 168A62
100 _aPrashad Babu Shiv Au.
245 0 _aChota jam jahan numa
260 _c1862
650 _aGEOGRAPHY
942 _hU.4.M5, 168A62
_cTEXL
_2CC
999 _c458431
_d458431